|
|
|
|
| LEADER |
01130nam a22002417a 4500 |
| 001 |
38589 |
| 003 |
BD-DhAAL |
| 008 |
220705t2011 ii ||||| |||| 00| 0 ben d |
| 999 |
|
|
|c 44532
|d 44532
|
| 020 |
|
|
|a 9788173326318
|
| 040 |
|
|
|a BD-DhAAL
|c BD-DhAAL
|
| 041 |
|
|
|a ben
|
| 082 |
|
|
|a 891.4414
|
| 100 |
|
|
|a মুখোপাধ্যায়, স্বপন
|9 49861
|
| 245 |
|
|
|a রবীন্দ্রনাথের পল্লিভাবনা ও গ্রামীণ অর্থনীতি /
|c স্বপন মুখোপাধ্যায়
|
| 246 |
|
|
|a Rabindranather pallybhanna o gramin arthaniti
|
| 260 |
|
|
|a কলকাতা :
|b পুনশ্চ,
|c ২০১১.
|
| 300 |
|
|
|a ২০৭ পৃষ্ঠা :
|b চিত্র ;
|c ২২ সে.মি.
|
| 541 |
|
|
|a Donated By Akbar Ali Khan
|e 38589
|
| 600 |
|
|
|a Tagore, Rabindranath,
|d 1861-1941.
|9 49862
|
| 852 |
|
|
|a Ayesha Abed Library
|c Akbar Ali Khan Collection
|
| 942 |
|
|
|2 ddc
|c BK
|
| 952 |
|
|
|0 0
|1 0
|2 ddc
|4 0
|6 891_441400000000000_MUK
|7 1
|9 71187
|a BRACUL
|b BRACUL
|c AAKC
|d 2022-07-05
|e Donated by Akbar Ali Khan
|l 0
|o 891.4414 MUK
|p 3010038589
|r 2022-07-05
|t 1
|w 2022-07-05
|y BK
|